000 00503nam a2200169 i 4500
001 32890
003 ES-MaACL
005 20230906154645.0
007 t|
008 030131s1969 sp ||||1| spa d
100 1 _aBernaldo de Quirós, Antonio.
_928214
245 1 0 _aCálculo rápido de muelles y resortes /
_cpor Antonio Bernaldo de Quirós.
250 _a1ª ed.
260 _aBarcelona :
_bLabor,
_c[1969]
300 _a235 p. :
_b1 gráf. pleg. ;
_c23 cm.
852 _aES-MaACL
_jC-46788
_bR.70875
999 _c32890
_d32890